Statistiche per Riconosci lo Stato - Quiz n°9

Clicka qui per fare il quiz!

Statistiche generali

  • Questo quiz è stato fatto 19 volte
  • Il punteggio medio è 12 su 13

Statistiche sulle risposte

IndizioRisposta% Corretto
Indipendenzadal Sudafrica il 21 marzo 1990
100%
Popolazione2 703 782 ab.
94%
Superficie825 418 km²
94%
ValutaDollaro / Rand
94%
Presidente della RepubblicaNangolo Mbumba
94%
Fuso OrarioUTC+2
94%
Iniziale della CapitaleW
94%
ISU0,625
88%
PIL (nominale)13 824 milioni di $ (2018)
88%
Forma di GovernoRepubblica semipresidenziale
88%
Tasso di crescita0,817%
82%
RispostaNamibia
82%
Presidente del ConsiglioSaara Kuugongelwa-Amadhila
82%

Distribuzione punteggi

Percentile per numero di risposta

Percentuale di utenti per punteggio

I tuoi punteggi nel tempo

Non hai fatto questo quiz